000 00334nam a2200145Ia 4500
008 230718s9999 xx 000 0 und d
041 _aEng.
082 _a954.81
_bGHA-M
100 _aGhaan Akmal Shazad
245 0 _aMedia mandi
260 _aPakistan
_bJamhori Publications
_c2016
300 _a322
650 _aLaw
999 _c31587
_d31587